[Event "Scandinavian open 2008"]
[Site "Valby"]
[Date "2008.04.02"]
[Round "6"]
[White "Danielsen, Henrik"]
[Black "Smith, Axel"]
[Result "1-0"]
[WhiteElo "2506"]
[BlackElo "2458"]
[PlyCount "133"]
[EventDate "2008.03.29"]


1. g3 d5 2. Bg2 Nf6 3. d3 e5 4. Nf3 Nc6 5. O-O a5 6. Bg5 h6 7. Bxf6 Qxf6 8. Nc3
Be6 9. e4 d4 10. Nd5 Qd8 11. c3 Bd6 12. Nh4 O-O 13. Nf5 Bxd5 14. exd5 Ne7 15.
Nxe7+ Qxe7 16. cxd4 exd4 17. Re1 Qd7 18. Qc2 Qb5 19. Re2 Rfe8 20. Rae1 Rxe2 21.
Rxe2 Re8 22. Qb3 Qd7 23. Bh3 Qd8 24. Rxe8+ Qxe8 25. Qxb7 g6 26. Kg2 Qa4 27. a3
Qc2 28. Qb5 h5 29. Bd7 h4 30. gxh4 Qd2 31. h3 Kg7 32. Be8 Qf4 33. Qd7 Qh2+ 34.
Kf1 Qh1+ 35. Ke2 Qxd5 36. Qc6 Qxc6 37. Bxc6 Be7 38. h5 gxh5 39. Kd1 Bh4 40. b4
axb4 41. a4 Be7 42. Kc2 h4 43. Kb3 Kf6 44. Kc4 b3 45. Kxb3 Bc5 46. Kc4 Ba7 47.
Kb5 Ke7 48. Ka6 Bc5 49. a5 Bb4 50. Kb5 Kd6 51. Kxb4 Kxc6 52. Kc4 Kb7 53. Kb5
Ka7 54. f4 Kb7 55. f5 f6 56. Kc5 Ka6 57. Kxd4 Kxa5 58. Kd5 Kb4 59. Ke6 Kc3 60.
Kxf6 Kxd3 61. Kg5 Ke3 62. f6 Kf3 63. Kxh4 Kg2 64. f7 Kh1 65. f8=Q c6 66. Kg3 c5
67. Qf1# 1-0

[Event "Scandinavian open 2008"]
[Site "Valby"]
[Date "2008.04.02"]
[Round "6"]
[White "Hoi, Carsten"]
[Black "Thorfinnsson, Bjorn"]
[Result "1/2-1/2"]
[WhiteElo "2404"]
[BlackElo "2364"]
[PlyCount "159"]
[EventDate "2008.03.29"]


1. d4 Nf6 2. c4 e6 3. Nc3 c5 4. e3 a6 5. Nf3 Qc7 6. Bd3 b6 7. O-O Bb7 8. b3 Be7
9. Bb2 O-O 10. d5 exd5 11. cxd5 d6 12. a4 Nbd7 13. e4 Rfe8 14. Nd2 Bf8 15. f4
g6 16. Nc4 Bg7 17. Kh1 Rab8 18. Qf3 Bc8 19. Rae1 b5 20. axb5 axb5 21. Nxd6 Qxd6
22. e5 Qf8 23. exf6 Bxf6 24. Ba1 Rxe1 25. Rxe1 c4 26. bxc4 Ra8 27. d6 Rxa1 28.
Rxa1 Bxc3 29. Rd1 b4 30. Be4 Nf6 31. h3 Bd7 32. Bc6 Qc8 33. Bxd7 Nxd7 34. Qd5
b3 35. Qd3 Bb4 36. Qxb3 Bc5 37. Qb5 Qe8 38. Qc6 Qe6 39. Qf3 Qxc4 40. f5 gxf5
41. Qxf5 Qe6 42. Qg5+ Kh8 43. Qe7 Kg7 44. Rc1 h6 45. Rc3 Qf5 46. Qe1 Bxd6 47.
Rf3 Qg6 48. Qa1+ Be5 49. Qe1 Kh7 50. Rf1 Kg8 51. Rf3 Qg5 52. Qe3 Qg6 53. Qd3
Qe6 54. Qf5 Nf8 55. Qd3 Ng6 56. Rf1 Bc7 57. Qf5 Qe7 58. Qf6 Qe8 59. Rc1 Bf4 60.
Rd1 Qe3 61. Qd8+ Nf8 62. Qd3 Qe5 63. Qd5 Qg7 64. Qf3 Ne6 65. Rf1 Bc7 66. Qa8+
Bd8 67. Qf3 Be7 68. Qa8+ Bf8 69. Qf3 Bd6 70. Qa8+ Nf8 71. Qf3 Be5 72. Qd5 Bb8
73. Qb7 Bg3 74. Qc6 Bh4 75. Qe4 Bd8 76. Qa8 Bc7 77. Qa3 Ne6 78. Qf3 Qg6 79. Qf5
Qxf5 80. Rxf5 1/2-1/2

[Event "Scandinavian open 2008"]
[Site "Valby"]
[Date "2008.04.02"]
[Round "6"]
[White "Semcesen, Daniel"]
[Black "Thorgeirsson, Sverrir"]
[Result "1-0"]
[WhiteElo "2349"]
[BlackElo "2120"]
[PlyCount "35"]
[EventDate "2008.03.29"]


1. d4 d5 2. c4 c6 3. Nf3 e6 4. Qc2 Nd7 5. cxd5 cxd5 6. Bf4 Bb4+ 7. Nc3 Ngf6 8.
e3 O-O 9. Bd3 Nb6 10. a3 Bxc3+ 11. Qxc3 Ne4 12. Qc2 f5 13. O-O Qe7 14. a4 Bd7
15. Qc7 g5 16. Be5 Qd8 17. Qxb7 Bxa4 18. Qg7# 1-0

[Event "Scandinavian open 2008"]
[Site "Valby"]
[Date "2008.04.02"]
[Round "7"]
[White "Bejtovic, Jasmin"]
[Black "Thorfinnsson, Bragi"]
[Result "1-0"]
[WhiteElo "2353"]
[BlackElo "2406"]
[PlyCount "133"]
[EventDate "2008.03.29"]


1. e4 c5 2. Nf3 d6 3. d4 cxd4 4. Nxd4 Nf6 5. Nc3 a6 6. Bc4 e6 7. Bb3 Nc6 8. O-O
Qc7 9. Be3 Be7 10. f4 O-O 11. Qf3 Nxd4 12. Bxd4 b5 13. e5 Bb7 14. exf6 Bxf3 15.
fxe7 Qxe7 16. Rxf3 Kh8 17. f5 exf5 18. Nd5 Qe4 19. c3 f4 20. Rxf4 Qg6 21. Rf3
f6 22. Nf4 Qh6 23. Raf1 Rae8 24. Rh3 Qg5 25. Rg3 Qh6 26. Ng6+ hxg6 27. Rh3 Qxh3
28. gxh3 Re2 29. Rf2 Re1+ 30. Kg2 g5 31. Bd5 b4 32. c4 Rfe8 33. Bb6 R8e2 34.
Bc7 Rxf2+ 35. Kxf2 Ra1 36. Bxd6 Rxa2 37. c5 Rxb2+ 38. Ke3 Rc2 39. Kd3 Rc1 40.
Kd2 Rc3 41. Bb7 Kg8 42. c6 Kf7 43. Bxb4 Rc4 44. Ba5 Ke6 45. c7 Kd7 46. c8=Q+
Rxc8 47. Bxc8+ Kxc8 48. Kd3 Kd7 49. Ke4 Ke6 50. Bc3 Kf7 51. Kf5 g6+ 52. Ke4 Ke6
53. Ba5 Kd6 54. Bc3 Ke6 55. Bb4 f5+ 56. Kf3 Kd5 57. Be7 a5 58. Bxg5 a4 59. Be7
Ke6 60. Ba3 g5 61. Bc1 Kf6 62. h4 g4+ 63. Kf4 Kg6 64. Ba3 Kh5 65. Be7 a3 66.
Bxa3 Kxh4 67. Bd6 1-0

[Event "Scandinavian open 2008"]
[Site "Valby"]
[Date "2008.04.02"]
[Round "7"]
[White "Lund, Silas"]
[Black "Pedersen, Daniel Vesterbaek"]
[Result "1-0"]
[WhiteElo "2403"]
[BlackElo "2258"]
[PlyCount "67"]
[EventDate "2008.03.29"]


1. d4 d5 2. c4 c6 3. Nf3 Nf6 4. e3 Bf5 5. Nc3 e6 6. Nh4 Bg6 7. Nxg6 hxg6 8. g3
Nbd7 9. Qb3 Qc7 10. Bd2 Be7 11. Rc1 Nb6 12. cxd5 exd5 13. a4 Qd7 14. a5 Nc8 15.
a6 b6 16. Bg2 Nd6 17. O-O O-O 18. Rfd1 Nfe4 19. Nxe4 Nxe4 20. Bxe4 dxe4 21. Qc2
Qf5 22. Qxc6 Rad8 23. Qb7 Bd6 24. Qxa7 g5 25. Qxb6 f6 26. a7 Kf7 27. a8=Q Rxa8
28. Qxd6 Rad8 29. Rc7+ Kg6 30. Qe7 Kh5 31. Qxg7 Rh8 32. h3 Qxh3 33. Qh7+ Kg4
34. Qxe4+ 1-0

[Event "Scandinavian open 2008"]
[Site "Valby"]
[Date "2008.04.02"]
[Round "7"]
[White "Schandorff, Lars"]
[Black "Semcesen, Daniel"]
[Result "1-0"]
[WhiteElo "2526"]
[BlackElo "2349"]
[PlyCount "65"]
[EventDate "2008.03.29"]


1. Nf3 f5 2. d3 d6 3. e4 e5 4. Nc3 Nc6 5. exf5 Bxf5 6. d4 exd4 7. Nxd4 Nxd4 8.
Qxd4 Nf6 9. Bg5 Be7 10. Bc4 c6 11. O-O-O d5 12. Rhe1 O-O 13. Qe5 Bg4 14. f3 Bd6
15. Bxf6 Bxe5 16. Bxd8 Bxc3 17. bxc3 Raxd8 18. fxg4 dxc4 19. Rxd8 Rxd8 20. Re7
b5 21. Rxa7 Rf8 22. a4 bxa4 23. Rxa4 Rf4 24. h3 h6 25. Ra8+ Kf7 26. Rc8 Rf6 27.
Rc7+ Kf8 28. Kb2 g5 29. Ka3 Rf2 30. Rxc6 Rxc2 31. Kb4 Kg7 32. Kxc4 Rxg2 33. Rd6
1-0

[Event "Scandinavian open 2008"]
[Site "Valby"]
[Date "2008.04.02"]
[Round "7"]
[White "Thorgeirsson, Sverrir"]
[Black "Brynell, Stellan"]
[Result "0-1"]
[WhiteElo "2120"]
[BlackElo "2463"]
[PlyCount "51"]
[EventDate "2008.03.29"]


1. e4 e6 2. d4 d5 3. Nd2 c5 4. Bb5+ Bd7 5. Bxd7+ Nxd7 6. Ngf3 Ngf6 7. O-O Be7
8. dxc5 Nxc5 9. Nb3 Ncxe4 10. Nfd4 Qd7 11. Re1 O-O 12. Qd3 Rfe8 13. Bf4 Rac8
14. Rad1 a6 15. Ne2 b5 16. Ng3 Qa7 17. Qd4 Qb7 18. Re2 Rc4 19. Qe3 Qc8 20. c3
g5 21. Bxg5 Ng4 22. Qd3 Bxg5 23. Rde1 Ngf6 24. Qf3 Nxg3 25. Qxg3 Rg4 26. Qe5
0-1

[Event "Scandinavian open 2008"]
[Site "Valby"]
[Date "2008.04.02"]
[Round "7"]
[White "Vaznonis, Vytautas"]
[Black "Danielsen, Henrik"]
[Result "1/2-1/2"]
[WhiteElo "2399"]
[BlackElo "2506"]
[PlyCount "71"]
[EventDate "2008.03.29"]


1. d4 f5 2. c4 Nf6 3. Nc3 d6 4. Nf3 g6 5. g3 Bg7 6. Bg2 O-O 7. O-O c6 8. d5 Qa5
9. Be3 cxd5 10. cxd5 Na6 11. Qd2 Bd7 12. Bh6 Nc7 13. Bxg7 Kxg7 14. Nd4 Rac8 15.
b4 Qxb4 16. Rab1 Qa5 17. Rxb7 Ncxd5 18. Bxd5 Qxc3 19. Qxc3 Rxc3 20. Be6 Rd8 21.
Rxa7 Kf8 22. Rb1 Bc8 23. a4 Ke8 24. a5 Bxe6 25. Nxe6 Rd7 26. Ra8+ Kf7 27. Ng5+
Kg7 28. Ra1 Ne4 29. Nxe4 fxe4 30. a6 Rdc7 31. Kg2 Rc1 32. Rxc1 Rxc1 33. Re8 Rc7
34. Rb8 Kf6 35. Rb7 Rc2 36. a7 1/2-1/2

[Event "Scandinavian open 2008"]
[Site "Valby"]
[Date "2008.04.03"]
[Round "8"]
[White "Danielsen, Henrik"]
[Black "Brynell, Stellan"]
[Result "1/2-1/2"]
[WhiteElo "2506"]
[BlackElo "2463"]
[PlyCount "161"]
[EventDate "2008.03.29"]


1. g3 e5 2. Bg2 Nf6 3. d3 d5 4. Nf3 Nc6 5. O-O Be7 6. c4 O-O 7. cxd5 Nxd5 8. a3
Re8 9. b4 Bf6 10. e4 Nb6 11. Qc2 Bg4 12. Nbd2 Qd7 13. Nb3 Rad8 14. Nc5 Qc8 15.
Be3 Bxf3 16. Bxf3 Nd4 17. Bxd4 Rxd4 18. Qe2 c6 19. Bg4 Qc7 20. Rad1 Rdd8 21.
Kh1 Nc8 22. f4 exf4 23. gxf4 Bd4 24. Nb3 Bb6 25. e5 Ne7 26. d4 Nd5 27. Rd3 a5
28. bxa5 Bxa5 29. Nc5 b6 30. Ne4 c5 31. dxc5 bxc5 32. Nd6 Nc3 33. Qg2 Rf8 34.
Rg1 g6 35. Rh3 Rxd6 36. exd6 Qxd6 37. f5 Re8 38. Rf1 Ne4 39. Re3 Qd4 40. Re2
Nf6 41. Rxe8+ Nxe8 42. Rd1 Qa4 43. Rf1 Bc3 44. Bf3 Nf6 45. fxg6 hxg6 46. Qa2
Kg7 47. Rb1 Qf4 48. Qe2 Qa4 49. Qa2 Qf4 50. Rf1 Qa4 51. Bd5 Qd4 52. Bc6 c4 53.
Qg2 Bd2 54. Ba4 c3 55. Qc6 Ng4 56. Qb7 Nf2+ 57. Kg2 Qxa4 58. Rxf2 Qg4+ 59. Kh1
Qd1+ 60. Kg2 Qg4+ 61. Kh1 Qc4 62. Kg2 c2 63. Qb2+ Kh7 64. Rxf7+ Qxf7 65. Qxc2
Qd5+ 66. Kf2 Qd4+ 67. Kg2 Qh4 68. Qxd2 Qe4+ 69. Kg3 Qe5+ 70. Qf4 Qe1+ 71. Kg2
Qe2+ 72. Qf2 Qg4+ 73. Qg3 Qe2+ 74. Kg1 Qd1+ 75. Kf2 Qd2+ 76. Kf3 Qd3+ 77. Kf4
Qd4+ 78. Kf3 Qd3+ 79. Kg2 Qe2+ 80. Kh3 Qe6+ 81. Kg2 1/2-1/2

[Event "Scandinavian open 2008"]
[Site "Valby"]
[Date "2008.04.03"]
[Round "8"]
[White "Hoi, Carsten"]
[Black "Semcesen, Daniel"]
[Result "1/2-1/2"]
[WhiteElo "2404"]
[BlackElo "2349"]
[PlyCount "101"]
[EventDate "2008.03.29"]


1. d4 d5 2. Nf3 Nf6 3. c4 dxc4 4. e3 e6 5. Bxc4 c5 6. O-O a6 7. Nc3 b5 8. Bb3
Bb7 9. Qe2 Nbd7 10. Rd1 Qc7 11. e4 cxd4 12. Nxd4 Bc5 13. Be3 O-O 14. f3 Qb6 15.
Rd2 Rfd8 16. Rad1 Ne5 17. Nc2 Rxd2 18. Rxd2 Rc8 19. Bxc5 Qxc5+ 20. Qf2 Qxf2+
21. Kxf2 Kf8 22. Ne1 b4 23. Na4 g5 24. Nd3 Nxd3+ 25. Rxd3 Ke7 26. Ke3 Bc6 27.
Nb6 Rb8 28. Nc4 Nd7 29. Na5 Ba8 30. Rd4 Ne5 31. Nc4 Nxc4+ 32. Rxc4 Kd6 33. Rc1
Bc6 34. e5+ Kd7 35. Rc5 g4 36. fxg4 Bxg2 37. Ba4+ Kd8 38. g5 Bd5 39. Bc2 b3 40.
axb3 Bxb3 41. Bxh7 Bd5 42. Bg8 Rxb2 43. Bxf7 Rxh2 44. g6 Rg2 45. Ra5 Bb7 46.
Ra4 Ke7 47. Rc4 Bd5 48. Rc7+ Kf8 49. Ra7 Rg4 50. Rxa6 Re4+ 51. Kf2 1/2-1/2

[Event "Scandinavian open 2008"]
[Site "Valby"]
[Date "2008.04.03"]
[Round "8"]
[White "Lund, Silas"]
[Black "Schandorff, Lars"]
[Result "1/2-1/2"]
[WhiteElo "2403"]
[BlackElo "2526"]
[PlyCount "28"]
[EventDate "2008.03.29"]


1. d4 d5 2. c4 c6 3. Nf3 Nf6 4. e3 Bg4 5. h3 Bxf3 6. Qxf3 e6 7. Bd3 Bb4+ 8. Nd2
O-O 9. a3 Ba5 10. O-O Nbd7 11. b4 Bc7 12. Bb2 e5 13. cxd5 cxd5 14. dxe5 Bxe5
1/2-1/2

[Event "Scandinavian open 2008"]
[Site "Valby"]
[Date "2008.04.03"]
[Round "8"]
[White "Mikkelsen, Nikolaj"]
[Black "Bejtovic, Jasmin"]
[Result "1/2-1/2"]
[WhiteElo "2390"]
[BlackElo "2353"]
[PlyCount "117"]
[EventDate "2008.03.29"]


1. e4 c5 2. Nf3 Nc6 3. d4 cxd4 4. Nxd4 g6 5. Nc3 Bg7 6. Be3 Nf6 7. Bc4 Qa5 8.
O-O O-O 9. Bb3 d6 10. h3 Bd7 11. Re1 Rac8 12. Qd2 Rfe8 13. Rad1 Nxd4 14. Bxd4
Bc6 15. f4 Nd7 16. e5 dxe5 17. fxe5 e6 18. Ne4 Qxd2 19. Nxd2 a5 20. c3 b5 21.
Bc2 Red8 22. b3 Bd5 23. Bd3 b4 24. Bc4 Nc5 25. Bxc5 Rxc5 26. Ne4 Rcc8 27. Nd6
Rc7 28. Bxd5 exd5 29. c4 dxc4 30. Nxc4 Rxd1 31. Rxd1 a4 32. Kf2 axb3 33. axb3
Ra7 34. Kf3 Ra2 35. Rd8+ Bf8 36. Rd2 Ra1 37. Ke4 Rc1 38. Rd3 Be7 39. Kd5 Kf8
40. e6 fxe6+ 41. Kxe6 Bg5 42. Rf3+ Kg8 43. Kd5 Kg7 44. Ne5 Bf6 45. Nd3 Rc2 46.
Rf2 Rc3 47. Nc5 Be7 48. Ne6+ Kg8 49. Rf3 Rxf3 50. gxf3 Kf7 51. Nd4 Kf6 52. f4
g5 53. fxg5+ Kxg5 54. Ke4 Bf6 55. Nf3+ Kh5 56. Kf5 Bc3 57. Ng5 h6 58. Nf3 Bf6
59. Kxf6 1/2-1/2

[Event "Scandinavian open 2008"]
[Site "Valby"]
[Date "2008.04.03"]
[Round "8"]
[White "Pedersen, Daniel Vesterbaek"]
[Black "Thorfinnsson, Bragi"]
[Result "0-1"]
[WhiteElo "2258"]
[BlackElo "2406"]
[PlyCount "80"]
[EventDate "2008.03.29"]


1. e4 c5 2. c3 d6 3. d4 Nf6 4. Bd3 cxd4 5. cxd4 g6 6. Nc3 Bg7 7. h3 O-O 8. Nf3
a6 9. O-O Nc6 10. d5 Ne5 11. Nxe5 dxe5 12. Be2 Ne8 13. Be3 Nd6 14. Rc1 Bd7 15.
f3 f5 16. Na4 Bxa4 17. Qxa4 b5 18. Qb4 fxe4 19. fxe4 Rxf1+ 20. Rxf1 Rc8 21. Bd3
Bf6 22. b3 Nb7 23. a4 Nd6 24. axb5 axb5 25. Ra1 Ra8 26. Ra7 Bg5 27. Bc5 Rxa7
28. Bxa7 Qa8 29. Qc5 Nc8 30. Bb6 Qa1+ 31. Bf1 Nxb6 32. Qxb6 b4 33. h4 Bxh4 34.
Qxb4 Qb2 35. Qb6 Qd2 36. Qc5 Bg5 37. Qc8+ Kg7 38. Qc4 Be3+ 39. Kh2 Bf4+ 40. Kh1
Qf2 0-1

[Event "Scandinavian open 2008"]
[Site "Valby"]
[Date "2008.04.03"]
[Round "8"]
[White "Thorgeirsson, Sverrir"]
[Black "Thorfinnsson, Bjorn"]
[Result "1/2-1/2"]
[WhiteElo "2120"]
[BlackElo "2364"]
[PlyCount "50"]
[EventDate "2008.03.29"]


1. e4 e5 2. Nf3 Nc6 3. Bb5 Nge7 4. O-O d6 5. d4 Bd7 6. c3 Ng6 7. Be3 Be7 8.
Nbd2 O-O 9. Bd3 Qc8 10. Qc2 Nd8 11. Rfe1 Ne6 12. Rad1 Bf6 13. Bf1 Nef4 14. Nc4
Bg4 15. Ncd2 Bh5 16. Rc1 b6 17. Kh1 c5 18. d5 Ne7 19. Ng1 g5 20. g3 Bg6 21. Qd1
Nh5 22. Be2 Ng7 23. g4 h6 24. h4 Ne8 25. h5 Bh7 1/2-1/2

[Event "Scandinavian open 2008"]
[Site "Valby"]
[Date "2008.04.03"]
[Round "8"]
[White "Vaznonis, Vytautas"]
[Black "Smith, Axel"]
[Result "1/2-1/2"]
[WhiteElo "2399"]
[BlackElo "2458"]
[PlyCount "186"]
[EventDate "2008.03.29"]


1. d4 d5 2. c4 e6 3. cxd5 exd5 4. Nc3 c6 5. Bf4 Bd6 6. Bxd6 Qxd6 7. e3 Bf5 8.
Bd3 Bxd3 9. Qxd3 Nd7 10. Nge2 Ngf6 11. O-O Ng4 12. Ng3 O-O 13. f3 Ngf6 14. Nf5
Qe6 15. e4 g6 16. Ng3 dxe4 17. fxe4 Rad8 18. Qf3 Kg7 19. Rae1 Qc4 20. Rd1 Qe6
21. Kh1 Qg4 22. Qf2 Nh5 23. Nxh5+ Qxh5 24. Qf4 Rde8 25. Rd3 h6 26. Qd6 Qg4 27.
Qc7 Nf6 28. Rdf3 Qd7 29. Qf4 Nh7 30. Rh3 h5 31. d5 cxd5 32. exd5 Qg4 33. Qc7
Qc8 34. Qf4 Qg4 35. Qf2 b6 36. Rf3 Qd7 37. Qd4+ f6 38. Rg3 Re5 39. Rxf6 Rxf6
40. Qxe5 Qf7 41. h3 Kh6 42. Qe3+ Kg7 43. Qe5 Kh6 44. Qe3+ Kg7 45. Rf3 Rxf3 46.
gxf3 Qf5 47. f4 Nf6 48. d6 Kh6 49. Kg1 Qc8 50. Qe5 Nd7 51. Qg5+ Kh7 52. Qe7+
Kh6 53. Kf2 Qc5+ 54. Kf3 Qf5 55. Kg3 Nf6 56. Qf8+ Kh7 57. Qe7+ Kh6 58. Qe5 Qd3+
59. Kf2 Qd2+ 60. Ne2 Qxd6 61. Qxd6 Ne4+ 62. Ke3 Nxd6 63. Kd4 Nf7 64. Kd5 g5 65.
Ke6 gxf4 66. Nxf4 Ng5+ 67. Kd5 h4 68. Ke5 Nf3+ 69. Kf5 Nd2 70. Kg4 Nc4 71. b3
Ne5+ 72. Kxh4 Nc6 73. Nd5 Ne5 74. Nf4 Nf3+ 75. Kg4 Nd4 76. Nd3 Ne2 77. h4 Nc3
78. a3 Nb1 79. a4 Nd2 80. b4 Ne4 81. Nb2 Nc3 82. Kf4 Nd5+ 83. Ke5 Nxb4 84. Kd6
Kh5 85. Kc7 Nd5+ 86. Kb7 Nc3 87. Kxa7 Nxa4 88. Nxa4 b5 89. Nc5 b4 90. Kb6 b3
91. Nxb3 Kg4 92. h5 Kg5 93. Nd4 Kxh5 1/2-1/2

[Event "Scandinavian open 2008"]
[Site "Valby"]
[Date "2008.04.04"]
[Round "9"]
[White "Danielsen, Henrik"]
[Black "Lund, Silas"]
[Result "0-1"]
[WhiteElo "2506"]
[BlackElo "2403"]
[PlyCount "58"]
[EventDate "2008.03.29"]


1. g3 e5 2. Bg2 f5 3. c4 Nf6 4. Nc3 Nc6 5. d3 Bb4 6. Bd2 O-O 7. a3 Bxc3 8. Bxc3
d5 9. b4 d4 10. b5 dxc3 11. bxc6 e4 12. Nh3 bxc6 13. O-O Rb8 14. Rc1 Qd4 15.
dxe4 Qxc4 16. e5 Nd5 17. e3 f4 18. Bxd5+ cxd5 19. Nxf4 Rxf4 20. gxf4 Bh3 21.
Qc2 Rb6 22. Kh1 Bxf1 23. Qf5 Qe4+ 24. Qxe4 dxe4 25. Rxc3 Bh3 26. Rc1 c5 27. Kg1
Rb2 28. f5 c4 29. e6 Kf8 0-1

[Event "Scandinavian open 2008"]
[Site "Valby"]
[Date "2008.04.04"]
[Round "9"]
[White "Schandorff, Lars"]
[Black "Bejtovic, Jasmin"]
[Result "1/2-1/2"]
[WhiteElo "2526"]
[BlackElo "2353"]
[PlyCount "140"]
[EventDate "2008.03.29"]


1. d4 Nf6 2. c4 g6 3. Nf3 Bg7 4. g3 O-O 5. Bg2 c5 6. O-O d6 7. Nc3 Nc6 8. dxc5
dxc5 9. Bf4 Be6 10. Ne5 Nxe5 11. Bxe5 Qb6 12. Qb3 Nd7 13. Bxg7 Kxg7 14. Bxb7
Rab8 15. Bd5 Bh3 16. Rfd1 Qxb3 17. axb3 Rxb3 18. Rxa7 Rxb2 19. Bg2 Bxg2 20.
Kxg2 Nb6 21. Rxe7 Rc2 22. Nd5 Nxc4 23. Nf4 Kg8 24. Rdd7 Rd2 25. Rc7 Nd6 26.
Rxc5 Rb8 27. Rd7 Ne4 28. Rxd2 Nxc5 29. f3 Rb6 30. Nd5 Rb3 31. Nf4 Kg7 32. Rd5
Rc3 33. Kf2 h5 34. h4 Rc2 35. Rd6 Rc1 36. Ke3 Nb3 37. Rb6 Nc5 38. Rd6 Nb3 39.
Rd7 Rc3+ 40. Rd3 Rxd3+ 41. exd3 Kf6 42. d4 Kf5 43. Kd3 Na5 44. Kc3 Kf6 45. Kb4
Nb7 46. Nd5+ Ke6 47. Ne3 f6 48. Kc4 g5 49. Kd3 Nd6 50. Kc3 g4 51. fxg4 Ne4+ 52.
Kc4 Nxg3 53. Nf5 Ne4 54. Ng7+ Kf7 55. Nxh5 Nf2 56. Nf4 Nxg4 57. Kc5 Ke7 58. Kc6
Ne5+ 59. Kd5 Nf3 60. h5 f5 61. Kc5 Kd7 62. h6 Ng5 63. Kd5 Ke7 64. Kc6 Kf7 65.
Kd6 Kg8 66. d5 Kh7 67. Ke5 Kxh6 68. Kxf5 Nf7 69. Ke6 Ng5+ 70. Ke5 Nf7+ 1/2-1/2

[Event "Scandinavian open 2008"]
[Site "Valby"]
[Date "2008.04.04"]
[Round "9"]
[White "Semcesen, Daniel"]
[Black "Thorfinnsson, Bjorn"]
[Result "1-0"]
[WhiteElo "2349"]
[BlackElo "2364"]
[PlyCount "51"]
[EventDate "2008.03.29"]


1. c4 c5 2. Nf3 Nc6 3. g3 g6 4. Bg2 Bg7 5. Nc3 a6 6. O-O Rb8 7. a4 d6 8. d3 Bd7
9. e4 Nf6 10. Bd2 O-O 11. Nd5 b5 12. axb5 axb5 13. b3 e6 14. Ne3 b4 15. g4 Qc7
16. Nh4 Ra8 17. Rxa8 Rxa8 18. f4 Ra2 19. f5 Ne8 20. g5 Bc3 21. Bxc3 bxc3 22.
fxg6 hxg6 23. Nxg6 Ng7 24. Qf3 Be8 25. Ng4 Nh5 26. Nf6+ 1-0

[Event "Scandinavian open 2008"]
[Site "Valby"]
[Date "2008.04.04"]
[Round "9"]
[White "Smith, Axel"]
[Black "Thorgeirsson, Sverrir"]
[Result "1-0"]
[WhiteElo "2458"]
[BlackElo "2120"]
[PlyCount "127"]
[EventDate "2008.03.29"]


1. e4 c5 2. Nf3 e6 3. d4 cxd4 4. Nxd4 a6 5. Bd3 Qc7 6. O-O Nf6 7. Qe2 d6 8. c4
Nbd7 9. Kh1 g6 10. f4 Bg7 11. Nf3 O-O 12. Nc3 b6 13. Bd2 Bb7 14. b4 Rac8 15.
Rae1 Qb8 16. a3 Ne8 17. Rc1 Qa8 18. Qe3 Nc7 19. Rce1 Rfe8 20. Qf2 Bc6 21. Nd4
Bb7 22. Nf3 Bc6 23. Re2 b5 24. Nd4 bxc4 25. Bxc4 d5 26. Bb3 Bb7 27. e5 Qb8 28.
Rc1 Na8 29. Na4 Rxc1+ 30. Bxc1 Rc8 31. Rc2 Bf8 32. Kg1 Rxc2 33. Qxc2 Qc7 34.
Qxc7 Nxc7 35. Kf2 f6 36. exf6 Nxf6 37. Bc2 Bd6 38. Nc5 Bc8 39. Nd3 Ng4+ 40. Kf3
e5 41. fxe5 Nxe5+ 42. Nxe5 Bxe5 43. Nc6 Bf6 44. Be3 Kf7 45. Bd4 Ne6 46. Bxf6
Kxf6 47. Ke3 Bb7 48. Nd4 Nd8 49. Bd3 Ke5 50. Nf3+ Kf6 51. Nd4 Ke5 52. Nf3+ Kf6
53. g3 Nc6 54. Be2 h6 55. Nd4 Ne7 56. Bd3 g5 57. Nb3 Nf5+ 58. Kd2 Bc8 59. Nc5
a5 60. Bxf5 Bxf5 61. bxa5 Bh3 62. a6 Bg2 63. a7 d4 64. Nd7+ 1-0

[Event "Scandinavian open 2008"]
[Site "Valby"]
[Date "2008.04.04"]
[Round "9"]
[White "Thorfinnsson, Bragi"]
[Black "Mikkelsen, Nikolaj"]
[Result "0-1"]
[WhiteElo "2406"]
[BlackElo "2390"]
[PlyCount "126"]
[EventDate "2008.03.29"]


1. d4 g6 2. c4 Bg7 3. e4 d6 4. Be2 Nc6 5. Be3 e5 6. dxe5 dxe5 7. Qxd8+ Nxd8 8.
Nc3 c6 9. O-O-O Bh6 10. h4 Bxe3+ 11. fxe3 h5 12. Nf3 f6 13. c5 Be6 14. Nd2 Rh7
15. Nc4 Rd7 16. Nd6+ Ke7 17. g4 hxg4 18. h5 gxh5 19. Rxh5 Nf7 20. Rh7 Kf8 21.
Nf5 Rxd1+ 22. Bxd1 Bxf5 23. exf5 g3 24. Rh3 Ng5 25. Rxg3 Nh6 26. Bc2 Re8 27. e4
Rd8 28. Nd1 Ke7 29. Nf2 Nhf7 30. Rb3 Rd7 31. Ra3 a6 32. Rg3 Rd4 33. b3 Rd8 34.
b4 Rh8 35. a4 Rh2 36. Nd1 Nh3 37. Nc3 Nfg5 38. b5 axb5 39. axb5 Nf4 40. Re3 Kd7
41. b6 Ke7 42. Kb2 Rd2 43. Kb3 Kf7 44. Bb1 Kg7 45. Rg3 Kh6 46. Rg1 Nf3 47. Rg8
Nd4+ 48. Kc4 Ng2 49. Rh8+ Kg5 50. Rb8 Ne3+ 51. Kb4 Rb2+ 52. Ka4 Nb3 53. Kb4
Nd4+ 54. Ka4 Nb5 55. Na2 Rxb1 56. Rxb7 Nd4 57. Rd7 Nec2 58. b7 Kf4 59. Ka5 Ra1
60. Kb6 Rxa2 61. Rf7 Rb2+ 62. Ka7 Kxe4 63. Rxf6 Ne3 0-1

[Event "Scandinavian open 2008"]
[Site "Valby"]
[Date "2008.04.05"]
[Round "10"]
[White "Bejtovic, Jasmin"]
[Black "Thorfinnsson, Bjorn"]
[Result "0-1"]
[WhiteElo "2353"]
[BlackElo "2364"]
[PlyCount "136"]
[EventDate "2008.03.29"]


1. e4 e5 2. Nf3 Nc6 3. d4 exd4 4. Nxd4 Bc5 5. Nxc6 Qf6 6. Qd2 dxc6 7. Nc3 Ne7
8. Bd3 Ng6 9. O-O Be6 10. Qg5 Qxg5 11. Bxg5 f6 12. Bd2 Ne5 13. Na4 Bd4 14. Be2
O-O-O 15. Bc3 Bc4 16. Bxc4 Nxc4 17. b3 Bxc3 18. Nxc3 Na3 19. Rad1 Nxc2 20.
Rxd8+ Rxd8 21. Rd1 Nd4 22. Kf1 c5 23. f4 c6 24. Kf2 Re8 25. Rd2 Kc7 26. Ke3 b6
27. g4 g6 28. Rg2 b5 29. g5 f5 30. e5 a5 31. Rd2 Ra8 32. Ne2 Nxe2 33. Kxe2 a4
34. Kd3 axb3 35. axb3 Ra1 36. Kc2 Re1 37. h4 Re4 38. h5 Rxf4 39. e6 Rd4 40. Rh2
Re4 41. Kc3 Re3+ 42. Kd2 Rxe6 43. hxg6 hxg6 44. Kd3 Kb6 45. Rh7 Rd6+ 46. Kc2 f4
47. Rf7 Rd5 48. Rxf4 Rxg5 49. Kc3 Rg3+ 50. Kc2 Rg2+ 51. Kd3 b4 52. Rf6 Rb2 53.
Kc4 Rc2+ 54. Kd3 Rc3+ 55. Kd2 Rxb3 56. Kc2 Rg3 57. Rf4 g5 58. Re4 Kb5 59. Kb2
Rg2+ 60. Kb3 c4+ 61. Rxc4 Rg3+ 62. Rc3 Rxc3+ 63. Ka2 g4 64. Kb2 g3 65. Ka1 g2
66. Ka2 g1=Q 67. Kb2 Qc1+ 68. Ka2 b3# 0-1

[Event "Scandinavian open 2008"]
[Site "Valby"]
[Date "2008.04.05"]
[Round "10"]
[White "Mikkelsen, Nikolaj"]
[Black "Semcesen, Daniel"]
[Result "0-1"]
[WhiteElo "2390"]
[BlackElo "2349"]
[PlyCount "80"]
[EventDate "2008.03.29"]


1. e4 e5 2. Nf3 Nf6 3. Nxe5 d6 4. Nf3 Nxe4 5. d3 Nf6 6. d4 Be7 7. Bd3 O-O 8.
O-O Bg4 9. Re1 Nbd7 10. Nbd2 Re8 11. Nf1 Bh5 12. Ng3 Bg6 13. Nf5 Bf8 14. Rxe8
Qxe8 15. N3h4 Qe6 16. f3 c5 17. dxc5 Nxc5 18. Nxg6 hxg6 19. Nd4 Qe5 20. Bf1 d5
21. Ne2 Ne6 22. g3 Bc5+ 23. Kg2 g5 24. c3 Rd8 25. Qd3 g4 26. Bf4 Nxf4+ 27. Nxf4
g5 28. Ne2 gxf3+ 29. Qxf3 Ne4 30. Rd1 Rd6 31. c4 Rf6 32. Rxd5 Qe6 33. Qh5 Rf2+
34. Kg1 Qf6 35. Rxc5 Rxf1+ 36. Kg2 Nxc5 37. Nf4 Rb1 38. Qg4 Rxb2+ 39. Kh3 Qh6+
40. Nh5 f5 0-1

[Event "Scandinavian open 2008"]
[Site "Valby"]
[Date "2008.04.05"]
[Round "10"]
[White "Schandorff, Lars"]
[Black "Hoi, Carsten"]
[Result "1/2-1/2"]
[WhiteElo "2526"]
[BlackElo "2404"]
[PlyCount "67"]
[EventDate "2008.03.29"]


1. d4 d6 2. Nf3 g6 3. c4 Bg7 4. g3 Nd7 5. Bg2 e5 6. Nc3 Ne7 7. e3 O-O 8. b3
exd4 9. Nxd4 Nf5 10. O-O Nxd4 11. exd4 Re8 12. Be3 Nf6 13. Qd2 c6 14. h3 d5 15.
cxd5 cxd5 16. Bg5 Be6 17. Rfe1 Qd7 18. Kh2 Rac8 19. Rac1 h5 20. Qf4 Nh7 21. Bh6
Bh8 22. Bf1 Qd8 23. h4 Nf6 24. f3 Qa5 25. Qd2 a6 26. Na4 Qxd2+ 27. Bxd2 Nd7 28.
Be3 b5 29. Nc5 Nxc5 30. dxc5 Bd7 31. Bf2 Bc6 32. Bd3 Kf8 33. Be3 f5 34. Kg2
1/2-1/2

[Event "Scandinavian open 2008"]
[Site "Valby"]
[Date "2008.04.05"]
[Round "10"]
[White "Smith, Axel"]
[Black "Pedersen, Daniel Vesterbaek"]
[Result "1-0"]
[WhiteElo "2458"]
[BlackElo "2258"]
[PlyCount "63"]
[EventDate "2008.03.29"]


1. e4 e5 2. Nf3 Nc6 3. Bb5 a6 4. Ba4 Nf6 5. O-O Be7 6. Re1 b5 7. Bb3 O-O 8. c3
d5 9. exd5 Nxd5 10. Nxe5 Nxe5 11. Rxe5 c6 12. d4 Bd6 13. Re1 Qh4 14. g3 Qh3 15.
Re4 g5 16. Qf3 Bf5 17. Bc2 Bf4 18. Bxf4 Bxe4 19. Bxe4 gxf4 20. Nd2 fxg3 21.
hxg3 Rae8 22. Bf5 Qh6 23. Ne4 Ne7 24. Bd7 Rd8 25. Kg2 f5 26. Nc5 Rf6 27. Re1
Ng6 28. Rh1 Qg7 29. Bxc6 Ne7 30. Bd7 Qg6 31. Re1 Kf7 32. Qe2 1-0